Čas radosti, veselosti : 20 vianočných piesní a kolied pre začiatočníkov a pokročilých /

Saved in:
Bibliographic Details
Main Author: Košnár, Miroslav (Author)
Format: Book
Language:Slovak
Published: Bratislava : Slovenské pedagogické nakladateľstvo, 1998
Edition:1. vyd.
Subjects:
ISBN:8008028068
Online Access: Get full text
Tags: Add Tag
No Tags, Be the first to tag this record!

MARC

LEADER 00000nam a2200000 4500
003 SK-BrCVT
005 20230525120846.0
008 221214c1998 xo slo
020 |a 8008028068  |c 50.00 Sk 
035 |a CVTIDW0014839 
040 |a CVTISR  |c CVTISR  |e AACR2 
041 |a slo 
044 |a xo  |c SK 
100 1 |a Košnár, Miroslav  |4 aut 
245 1 0 |a Čas radosti, veselosti :  |n 20 vianočných piesní a kolied pre začiatočníkov a pokročilých /  |c Miroslav Košnár 
250 |a 1. vyd. 
260 |a Bratislava :  |b Slovenské pedagogické nakladateľstvo,  |c 1998 
300 |a 43 s. 
655 4 |a učebnice  |9 35132 
910 |a 1422  |b P980459 
919 |a 80-08-02806-8 
974 |a cvti cvti  |f Knihy neprofilové  |b cvti cvti 
992 |a AUC 
997 |h WINISIS 
999 |c 279321  |d 279321